=LDR 00000nam 2200000 4500 =001 NUTBA000000000000753 =005 20140401122051.0 =006 =007 =008 =020 ##$$a 978-602-8200-33-2 =035 ##$$0010-041400000000023 =040 ##$$a Ind =082 ##$$a 617.42 =090 ##$$a 617.42$bHet a =100 ##$$a Hetharia, Rospa. =245 ##$$a Asuhan keperawatan$b Gangguan sestem integumen$cRospa hetharia =250 ##$$a Cet.1 =260 ##$$a Jakarta$bTim$c2009. =300 ##$$a Vii,154 Hlm$bIlus$c21m. =850 ##$$a NBPNMAT =990 ##$$a 20903421 =990 ##$$a 92249/BPAP-NTB/2014 =990 ##$$a 92250/BPAP-NTB/2014 =990 ##$$a 0001/BPAP-NTB/20142015